004780000a22001450004500008004100000027001700041082001500058110005000073245004900123260005800172300001100230490001700241650003000258650004400288230817t ||||| |||| 00| 0 eng d aReport no. 6 a303.6bUNI aUniversity teachers for human rights (Jaffna) aThe Politics of destruction & human tragedy  aJaffna :bUniversity teachers for human rights,c1991 a113 p. aReport No. 6 aETHNIC CONFLICT-Sri Lanka aHuman victims-Ethnic conflict-Sri Lanka